| 000 | 00883nam a2200229 u 4500 | ||
|---|---|---|---|
| 005 | 20260327064206.0 | ||
| 008 | 120124s2010 mx r 000 0 spa d | ||
| 020 | _a9786077629405 | ||
| 035 | _aUPN01000183083 | ||
| 049 | _aCG | ||
| 050 | 4 |
_aZ471 _bB4.2 |
|
| 100 | 1 | _aBelcher, Wendy Laura | |
| 245 | 1 | 0 |
_aComó escribir un artículo académico en 12 semanas : _bguía para publicar con éxito / _cWendy Laura Belcher ; tr. Sylvia Podolsky Ostrowiak. |
| 260 |
_aMéxico : _bFLACSO, _c2010. |
||
| 300 |
_a417 p. : _bil., gráfs. |
||
| 440 | 0 | _aPerfiles latinoamericanos | |
| 534 |
_pTítulo original: _tWriting your journal article in 12 weeks : a guide to academic publishing success |
||
| 650 | 4 |
_aPUBLICACIONES ACADEMICAS - _zESTADOS UNIDOS _920124 |
|
| 650 | 4 |
_aTesis y disertaciones académicas _vManuales _915612 |
|
| 650 | 4 |
_aRedacción de informes _912161 |
|
| 905 | _aLibro | ||
| 999 |
_c155186 _d155186 |
||